Rozpoznaj Kraj po opisie cz.7 - Statystyki

Ogólne statystyki
  • Ten quiz został rozwiązany 56 razy
  • Średni wynik to 6 z 15
Statystyki odpowiedzi
Wskazówka Odpowiedź % Poprawnych
Do tego kraju należy archipelag Galapagos. Ekwador
81%
Jest to jedno z trzech państw nad jeziorem Wiktorii, należy do niego najwyższy szczyt Afryki Kilimandżaro. Tanzania
67%
Od 2015 roku w tym kraju na bliskim wschodzie trwa wojna domowa. Jemen
60%
Ten kraj na karaibach pomimo populacji mniejszej niż 200k mieszkańców ma dwie osoby, które wygrały nagrodę nobla co powoduje, że ma największą ilość nagród na milion mieszkańców. Saint Lucia
50%
w 1998 roku w tym kraju odbyły się zimowe Igrzyska Olimpijskie. Japonia
45%
Stolicą tego kraju jest Belmopan. Belize
40%
75% powierzchni tego kraju pokrywa Pustynia Kalahari przez co pomimo powierzchni większej niż Francja mieszka w nim nieco ponad 2 miliony osób. Botswana
36%
W tym kraju odbyły się Mistrzostwa Świata 1982 w Piłce Nożnej. Hiszpania
36%
Największy producent gazu ziemnego w Azji. Iran
36%
W latach 1946-1958 USA zrzuciło 67 bomb nuklearnych na terenie tego wyspiarskiego kraju. Wyspy Marshalla
36%
Najbogatszy kraj w Afryce według PKB na osobę. Mauritius
26%
Największy producent bawełny w Afryce. Mali
21%
Jest to najgęściej zaludniony kraj, który nie jest pojedynczym miastem. Bahrajn
19%
W tym kraju znajduje się najmniejsze miasto na Świecie. Chorwacja
14%
W 1841 roku w tym kraju mieszkało 8,2 miliona osób, dzisiaj mieszka w nim nieco ponad 5 milionów. Irlandia
12%
Nie znaleziono quizów pasujących do podanych kryteriów
Rozkład punktacji
Procent ludzi z każdym wynikiem
Percentyl według liczby udzielonych odpowiedzi
Twoja historia wyników
Nie rozwiązałeś tego quizu